Medieval humanism and other studies / (Record no. 124949)
[ view plain ]
| 000 -LEADER | |
|---|---|
| fixed length control field | 00932cam a2200301 a 4500 |
| 001 - CONTROL NUMBER | |
| control field | 4481678 |
| 003 - CONTROL NUMBER IDENTIFIER | |
| control field | ARRUPE |
| 005 - DATE AND TIME OF LATEST TRANSACTION | |
| control field | 20160812091013.0 |
| 008 - FIXED-LENGTH DATA ELEMENTS--GENERAL INFORMATION | |
| fixed length control field | 700924s1970 enkfhj b 001 0 eng d |
| 010 ## - LIBRARY OF CONGRESS CONTROL NUMBER | |
| LC control number | 70120932 |
| 020 ## - INTERNATIONAL STANDARD BOOK NUMBER | |
| International Standard Book Number | 0631124403 : |
| 035 ## - SYSTEM CONTROL NUMBER | |
| System control number | (OCoLC)93112 |
| 035 ## - SYSTEM CONTROL NUMBER | |
| System control number | (OCoLC)ocm00093112 |
| 035 ## - SYSTEM CONTROL NUMBER | |
| System control number | (NNC)4481678 |
| 040 ## - CATALOGING SOURCE | |
| Original cataloging agency | DLC |
| Transcribing agency | DLC |
| Modifying agency | NNUT |
| 050 0# - LIBRARY OF CONGRESS CALL NUMBER | |
| Classification number | CB353 |
| Item number | .S65 |
| 090 ## - LOCALLY ASSIGNED LC-TYPE CALL NUMBER (OCLC); LOCAL CALL NUMBER (OCLC) | |
| Classification number (OCLC) (R) ; Classification number, CALL (RLIN) (NR) | CB353 |
| Local cutter number (OCLC) ; Book number/undivided call number, CALL (RLIN) | .S65 |
| 300 ## - PHYSICAL DESCRIPTION | |
| Other physical details | facsims., geneal. tables ; |
| Dimensions | 22 cm. |
| 100 1# - MAIN ENTRY--PERSONAL NAME | |
| Personal name | Southern, R. W. |
| Fuller form of name | (Richard William), |
| Dates associated with a name | 1912-2001. |
| 9 (RLIN) | 24897 |
| 245 10 - TITLE STATEMENT | |
| Title | Medieval humanism and other studies / |
| Statement of responsibility, etc | by R. W. Southern. |
| 260 ## - PUBLICATION, DISTRIBUTION, ETC. (IMPRINT) | |
| Place of publication, distribution, etc | Oxford : |
| Name of publisher, distributor, etc | B. Blackwell, |
| Date of publication, distribution, etc | 1970 |
| Date of manufacture | (1984 printing). |
| 300 ## - PHYSICAL DESCRIPTION | |
| Extent | x, 261 p., [10] p. of plates : |
| 504 ## - BIBLIOGRAPHY, ETC. NOTE | |
| Bibliography, etc | Includes bibliographical references and index. |
| 650 #0 - SUBJECT ADDED ENTRY--TOPICAL TERM | |
| Topical term or geographic name as entry element | Middle Ages. |
| 9 (RLIN) | 18802 |
| 650 #0 - SUBJECT ADDED ENTRY--TOPICAL TERM | |
| Topical term or geographic name as entry element | Civilization medieval |
| 9 (RLIN) | 5047 |
| 650 #0 - SUBJECT ADDED ENTRY--TOPICAL TERM | |
| Topical term or geographic name as entry element | Humanism |
| 9 (RLIN) | 24898 |
| 942 ## - ADDED ENTRY ELEMENTS (KOHA) | |
| Source of classification or shelving scheme | Library of Congress Classification |
| Koha item type | Monograph ( Printed materials) |
| Withdrawn status | Lost status | Source of classification or shelving scheme | Damaged status | Not for loan | Collection code | Home library | Current library | Shelving location | Date acquired | Total Checkouts | Full call number | Barcode | Date last seen | Price effective from | Koha item type |
|---|---|---|---|---|---|---|---|---|---|---|---|---|---|---|---|
| Library of Congress Classification | Main Collection | ARRUPE LIBRARY | ARRUPE LIBRARY | Main Collection | 12/08/2016 | CB353.S65 | 46500008534 | 10/10/2017 | 12/08/2016 | Monograph ( Printed materials) |